Central Library OPAC University of Rajshahi

Waves / (Record no. 8626)

MARC details
000 -LEADER
fixed length control field 00920mam a2200325ua 4500
001 - CONTROL NUMBER
control field 8626
003 - CONTROL NUMBER IDENTIFIER
rucl marc code BD-RjUL
005 - DATE AND TIME OF LATEST TRANSACTION
control field 20211208234624.0
008 - FIXED-LENGTH DATA ELEMENTS--GENERAL INFORMATION
fixed length control field 190114s1968 nyua b 001 0 eng d
020 ## - INTERNATIONAL STANDARD BOOK NUMBER
International Standard Book Number 0070048606
035 ## - SYSTEM CONTROL NUMBER
System control number (OCoLC)720110
System control number (OCoLC)ocm00720110
System control number (BD-RjUL)8671
System control number (NNC)2189257
040 ## - CATALOGING SOURCE
Original cataloging agency NIC
Transcribing agency NIC
Modifying agency CStRLIN
-- CMfNASA
-- NNC
-- BD-RjUL
Language of cataloging eng
041 ## - LANGUAGE CODE
Language code of text/sound track or separate title eng
082 04 - DEWEY DECIMAL CLASSIFICATION NUMBER
Edition number 18
Classification number 530.59
Author mark and year CRW 1968
090 ## - LOCALLY ASSIGNED LC-TYPE CALL NUMBER (OCLC); LOCAL CALL NUMBER (OCLC)
Classification number (OCLC) (R) ; Classification number, CALL (RLIN) (NR) QC157
Local cutter number (OCLC) ; Book number/undivided call number, CALL (RLIN) .C73 1968
100 1# - MAIN ENTRY--PERSONAL NAME
Personal name Crawford, Frank S.
9 (RLIN) 26858
245 10 - TITLE STATEMENT
Title Waves /
Statement of responsibility, etc. Frank S. Crawford, Jr.
260 ## - PUBLICATION, DISTRIBUTION, ETC. (IMPRINT)
Place of publication, distribution, etc. New York :
Name of publisher, distributor, etc. McGraw-Hill,
Date of publication, distribution, etc. c1968.
300 ## - PHYSICAL DESCRIPTION
Pagination xviii, 600 p. :
Illustrations ill. ;
Size 25 cm.
490 1# - SERIES STATEMENT
Series statement Berkeley physics course ;
Volume/sequential designation v. 3
500 ## - GENERAL NOTE
General note Includes index.
504 ## - BIBLIOGRAPHY, ETC. NOTE
Bibliography, etc Bibliography: p. [591]-592.
650 #0 - SUBJECT ADDED ENTRY--TOPICAL TERM
Topical term or geographic name as entry element Waves.
9 (RLIN) 26859
830 #0 - SERIES ADDED ENTRY--UNIFORM TITLE
Volume number/sequential designation v. 3.
Uniform title Berkeley physics course ;
942 ## - ADDED ENTRY ELEMENTS (KOHA)
Source of classification or shelving scheme Dewey Decimal Classification
Koha item type Books
Holdings
Lost status Source of classification or shelving scheme Damaged status Not for loan Collection code Permanent Location Current Location Shelving location Date acquired Source of acquisition Cost, normal purchase price Total Checkouts Full call number Date last seen Copy number Koha item type
  Dewey Decimal Classification   Not For Loan Non-fiction Central Library, University of Rajshahi Central Library, University of Rajshahi   19/05/1983 Heffers. 20.50   530.59 CRW 1968 19/01/2014 C-1 Books
  Dewey Decimal Classification     Non-fiction Central Library, University of Rajshahi Central Library, University of Rajshahi   19/05/1983 Heffers. 20.50   530.59 CRW 1968 02/10/2016 C-2 Books